Lénie - Toues les chansons - Statistiques

Statistiques générales
  • Ce quiz a été pris 49 fois
  • Le résultat moyen est 5 sur 6
Statistiques - réponses
Hint Réponse % Correct
Singles 2024 Sans toi
97%
Singles 2025 Domino
94%
Collaboration 2025 À tes côtés de Jungeli
88%
Singles 2024 J'ai plus peur
88%
Singles 2024 Divine
79%
Singles 2025 Lumière
76%
Aucun quiz correspondant
Distribution des résultats
% des personnes avec chaque résultat
Percentile par nombre de réponses
Votre historique - résultats
Vous n’avez pas pris ce quiz